000 00546nam a2200229Ia 4500
005 20250425162053.0
008 250425s9999 xx 000 0 und d
020 _a9684225083
041 _aspa
082 _a330.658
100 _aMENDEZ MORALES, JOSE SILVESTRE
245 0 _aECONOMIA Y LA EMPRESA
250 _a1A ED.
260 _aMEXICO
260 _aMéxico
_bMCGRAWHILL
_c1989
300 _a361
650 _aADMINISTRACION
650 _aECONOMIA
710 _aJOSE SILVESTRE MENDEZ MORALES
942 _c01
010 _a47289
999 _c221760
_d221760